Catàleg de les cartes reials i dels lloctinents generals (1321-1734) / Isabel Companys i Farrerons, Jordi Piqué i Padró
Descripción Física:
235 p. ; 24 cm
Otros Autores:
Piqué i Padró, Jordi
MARC
| LEADER | 00000nam a2200000Ia 4500 | ||
|---|---|---|---|
| 001 | 12252 | ||
| 008 | 160829s1999 xx 000 0 cat d | ||
| 080 | |a A-1-291 | ||
| 100 | |a Companys i Farrerons, Isabel |9 31940 | ||
| 245 | |a Catàleg de les cartes reials i dels lloctinents generals (1321-1734) / Isabel Companys i Farrerons, Jordi Piqué i Padró | ||
| 260 | |a Tarragona : |b Ajuntament de Tarragona, |c 1999 | ||
| 300 | |a 235 p. ; |c 24 cm | ||
| 490 | |a Documents de fons municipal de Tarragona ; 11 | ||
| 650 | |a Arxiu Municipal de Tarragona |x Catàlegs |9 35916 | ||
| 650 | |a Tarragona |x Història |x S. XIV/XVIII |x Fonts |9 35917 | ||
| 700 | |a Piqué i Padró, Jordi |9 35186 | ||
| 710 | 1 | |a Tarragona (Catalunya). |b Ajuntament |9 55108 | |
| 901 | |a Arxiu | ||
| 942 | |n 1 | ||
| 952 | |0 0 |1 0 |4 0 |6 A1291 |7 1 |9 47120 |a Arxiu |b Arxiu |d 2016-12-01 |l 0 |o A-1-291 |p 12252 |r 2016-12-01 00:00:00 |w 2016-12-01 |y ARXIU | ||
| 999 | |c 50915 |d 50915 | ||